000 01284nam a22003377a 4500
999 _c8343
_d8343
003 AR-CdUCM
008 190325b ||||| |||| 00| 0 spa d
040 _aMUNICIPALIDAD PROVINCIAL DEL CUSCO
_cBIBLIOTECA MUNICIPAL DEL CUSCO
082 _a869.403 /
_bR73
100 _aRodrigo, Saturnino
_923418
245 _aAntología de cuentistas bolivianos contemporáneos /
260 _aBuenos Aires :
_bSopena argentina,
_c1942.
300 _a238 páginas ;
_c22 cm.
440 _aColección América.
_923419
500 _aDonación familia Nieto.
505 _aContenido : Don Quijote en la ciudad de La Paz -- El aguinaldo -- La cogida -- Una prueba sensacional -- Los dos jinetes -- Un matrimonio exótico -- El primer pecado -- Hurtado -- El buri -- Nacimiento ...
650 _aCuentos
_9217
650 _aSiglo XX
_98
650 _aBiobibliografía
_97105
650 _aAutores bolivianos
_923420
650 _aLiteratura boliviana
_94271
700 _aBedregal, Juan Francisco
_923421
700 _aAlarcón, Abel
_923422
700 _aCosta du Rels, Adolfo
_923423
700 _aSalas, Angel
_923424
700 _aFlores, Alfredo
_923425
700 _aMurillo Vacareza, José
_923426
700 _aVillegas, Alberrto de
_923427
942 _2ddc
_cLIBROS
945 _azta